Design e Civilitá della macchina (Record no. 12668)

MARC details
000 -CABECERA
campo de control de longitud fija 00344nam a2200133 4500
005 - FECHA Y HORA DE LA ÚLTIMA TRANSACCIÓN
campo de control 20260530115257.0
100 1# - ENTRADA PRINCIPAL--NOMBRE DE PERSONA
Nombre de persona Enzo Fratelli
9 (RLIN) 30662
245 10 - MENCIÓN DE TÍTULO
Título Design e Civilitá della macchina
264 #1 - PRODUCCIÓN, PUBLICACIÓN, DISTRIBUCIÓN, FABRICACIÓN Y COPYRIGHT
Nombre del de productor, editor, distribuidor, fabricante Editalia - Roma
Fecha de producción, publicación, distribución, fabricación o copyright 1977
300 ## - DESCRIPCIÓN FÍSICA
Extensión 165 páginas
336 ## - TIPO DE CONTENIDO
Término de tipo de contenido texto
Fuente rdacontent
337 ## - TIPO DE MEDIO
Nombre/término del tipo de medio sin medio
Fuente rdamedia
338 ## - TIPO DE SOPORTE
Nombre/término del tipo de soporte volumen
Fuente rdacarrier

No items available.